Coen Brothers Movies - Director's Filmography - Statistics

General Stats
  • This quiz has been taken 20 times
    13 since last reset
  • The average score is 14 of 31
Answer Stats
Year Movie Director Writer Producer Editor % Correct
1984 Blood Simple Yes Yes Yes Yes
89%
1996 Fargo Yes Yes Yes Yes
89%
2007 No Country for Old Men Yes Yes Yes Yes
89%
1987 Raising Arizona Yes Yes Yes No
89%
1991 Barton Fink Yes Yes Yes Yes
78%
2013 Inside Llewyn Davis Yes Yes Yes Yes
78%
2008 Burn After Reading Yes Yes Yes Yes
67%
2025 Honey Don't Ethan Ethan Ethan Ethan
67%
1990 Miller's Crossing Yes Yes Yes No
67%
1998 The Big Lebowski Yes Yes Yes Yes
67%
2010 True Grit Yes Yes Yes Yes
67%
2009 A Serious Man Yes Yes Yes Yes
56%
2024 Drive-Away Dolls Ethan Ethan Ethan No
56%
2000 O Brother, Where Art Thou? Yes Yes Yes Yes
56%
2018 The Ballad of Buster Scruggs Yes Yes Yes Yes
56%
1994 The Hudsucker Proxy Yes Yes Yes No
56%
2004 The Ladykillers Yes Yes Yes Yes
56%
2001 The Man Who Wasn't There Yes Yes Yes Yes
56%
2021 The Tragedy of Macbeth Joel Joel Joel Joel
56%
2016 Hail, Caesar! Yes Yes Yes Yes
44%
2003 Intolerable Cruelty Yes Yes Yes Yes
44%
2026 Jack of Spades Joel Joel Joel TBD
33%
2003 Bad Santa No Story Executive No
11%
1985 Crimewave No Yes No No
11%
2017 Suburbicon No Yes No No
11%
2015 Bridge of Spies No Yes No No
0%
2007 Chacun son cinéma Segment Segment No Segment
0%
2012 Gambit No Yes No No
0%
2006 Paris, je t'aime Segment Segment No No
0%
1998 The Naked Man No Ethan No No
0%
2014 Unbroken No Yes No No
0%
No matching quizzes found
Score Distribution
Percent of People with Each Score
Percentile by Number Answered
Your Score History
You have not taken this quiz since the last reset